All The Wombats Songs - Statistics

General Stats
  • This quiz has been taken 37 times
  • The average score is 60 of 154
Answer Stats
Hint Answer % Correct
A Guide to Love, Loss and Desperation | Go POP! POP! POP! - EP | The Wombats - EP Kill the Director
95%
This Modern Glitch Tokyo (Vampires and Wolves)
85%
Glitterbug Greek Tragedy
75%
Glitterbug Pink Lemonade
75%
Jump Into the Fog - EP | This Modern Glitch Jump Into the Fog
70%
Beautiful People Will Ruin Your Life Lemon to a Knife Fight
70%
A Guide to Love, Loss and Desperation Let's Dance to Joy Division
70%
A Guide to Love, Loss and Desperation | B-Z Sides (2003-2007) Compilation | Girls, Boys and Marsupials | +2 others Moving to New York
70%
This Modern Glitch 1996
65%
This Modern Glitch Techno Fan
65%
Beautiful People Will Ruin Your Life Turn
65%
This Modern Glitch Anti-D
60%
Beautiful People Will Ruin Your Life Cheetah Tongue
60%
This Modern Glitch Girls / Fast Cars
60%
Glitterbug Give Me a Try
60%
A Guide to Love, Loss and Desperation Tales of Girls, Boys & Marsupials
60%
Glitterbug Be Your Shadow
55%
Glitterbug Flowerball
55%
A Guide to Love, Loss and Desperation Here Comes the Anxiety
55%
Glitterbug Isabel
55%
Is This What It Feels Like to Feel Like This? - EP Is This What It Feels Like to Feel Like This?
55%
Beautiful People Will Ruin Your Life Lethal Combination
55%
A Guide to Love, Loss and Desperation | Girls, Boys and Marsupials | The Wombats - EP Little Miss Pipedream
55%
A Guide to Love, Loss and Desperation | Girls, Boys and Marsupials | The Wombats - EP Lost in the Post
55%
A Guide to Love, Loss and Desperation | Girls, Boys and Marsupials My First Wedding
55%
A Guide to Love, Loss and Desperation | Girls, Boys and Marsupials Patricia the Stripper
55%
Fix Yourself Not the World Ready for the High
55%
Glitterbug The English Summer
55%
Glitterbug Your Body is a Weapon
55%
A Guide to Love, Loss and Desperation | Girls, Boys and Marsupials | Go POP! POP! POP! - EP | The Wombats - EP Backfire at the Disco
50%
Beautiful People Will Ruin Your Life Bee-Sting
50%
Beautiful People Will Ruin Your Life Black Flamingo
50%
Glitterbug Emoticons
50%
Beautiful People Will Ruin Your Life Ice Cream
50%
Beautiful People Will Ruin Your Life I Don't Know Why I like You But I Do
50%
Fix Yourself Not the World If You Ever Leave I'm Coming With You
50%
A Guide to Love, Loss and Desperation | Go POP! POP! POP! - EP School Uniforms
50%
Beautiful People Will Ruin Your Life White Eyes
50%
Go POP! POP! POP! - EP Dr. Suzanne Mattox
45%
B-Z Sides (2003-2007) Compilation Glitterbug
45%
Glitterbug Headspace
45%
Beautiful People Will Ruin Your Life I Only Wear Black
45%
Girls, Boys and Marsupials Party in a Forest (Where's Laura?)
45%
A Guide to Love, Loss and Desperation Party in a Forest (Where's Laura)
45%
Glitterbug Sex and Question Marks
45%
Fix Yourself Not the World This Car Drives All by Itself
45%
Glitterbug This is Not a Party
45%
This Modern Glitch Walking Disasters
45%
Glitterbug Curveballs
40%
A Guide to Love, Loss and Desperation | Girls, Boys and Marsupials Derail & Crash
40%
B-Z Sides (2003-2007) Compilation Derail and Crash
40%
Beautiful People Will Ruin Your Life Dip You in Honey
40%
Fix Yourself Not the World Flip Me Upside Down
40%
Singles Is This Christmas?
40%
This Modern Glitch Our Perfect Disease
40%
This Modern Glitch Schumacher the Champagne
40%
Fix Yourself Not the World Worry
40%
Fix Yourself Not the World Don't Poke the Bear
35%
Is This What It Feels Like to Feel Like This? - EP Dressed to Kill
35%
This Modern Glitch Last Night I Dreamt
35%
A Guide to Love, Loss and Desperation | B-Z Sides (2003-2007) Compilation | Girls, Boys and Marsupials Metro Song
35%
Beautiful People Will Ruin Your Life Oceans
35%
Glitterbug B Sides - EP Right Click Save
35%
Fix Yourself Not the World Wildfire
35%
Glitterbug B Sides - EP Wired Differently
35%
Fix Yourself Not the World Work is Easy, Life is Hard
35%
Glitterbug B Sides - EP 21st Century Blues
30%
B-Z Sides (2003-2007) Compilation | Jump Into the Fog - EP Addicted to the Cure
30%
Features Bleeding Love
30%
Fix Yourself Not the World Everything I Love is Going to Die
30%
Fix Yourself Not the World Method to the Madness
30%
Beautiful People Will Ruin Your Life Out of My Head
30%
Fix Yourself Not the World People Don't Change People, Time Does
30%
B-Z Sides (2003-2007) Compilation | No. 3 - EP The Baa Baa Song
30%
The Daring Adventures of Sgt. Wimbo and His Pet Otter - EP You Made Me Feel Like Brad Pitt
30%
B-Z Sides (2003-2007) Compilation | The Daring Adventures of Sgt. Wimbo and His Pet Otter - EP Baby Tinkerbell
25%
B-Z Sides (2003-2007) Compilation | The Hangover Sessions - EP Black and Blue
25%
B-Z Sides (2003-2007) Compilation Butterfly
25%
B-Z Sides (2003-2007) Compilation | Girls, Boys and Marsupials Caravan in Wales
25%
B-Z Sides (2003-2007) Compilation Dear Hamburg
25%
Fix Yourself Not the World Fix Yourself, Then the World (Reach Beyond Your Fingers)
25%
Is This What It Feels Like to Feel Like This? - EP Good Idea at the Time
25%
The Daring Adventures of Sgt. Wimbo and His Pet Otter - EP If It's Alright With You?
25%
B-Z Sides (2003-2007) Compilation If It's Alright With You
25%
B-Z Sides (2003-2007) Compilation Mosquito on the Wall
25%
Singles My Circuitboard City
25%
Is This What It Feels Like to Feel Like This? - EP Same Old Damage
25%
The Daring Adventures of Sgt. Wimbo and His Pet Otter - EP The Ostrich Song
25%
B-Z Sides (2003-2007) Compilation | Jump Into the Fog - EP Valentine
25%
Features Clouds
20%
Is This What It Feels Like to Feel Like This? - EP Demon
20%
B-Z Sides (2003-2007) Compilation | No. 3 - EP Happily Screwed
20%
B-Z Sides (2003-2007) Compilation | Jump Into the Fog - EP How I Miss Sally Bray
20%
B-Z Sides (2003-2007) Compilation Hunting
20%
B-Z Sides (2003-2007) Compilation I'm a Robot Like You
20%
Is This What It Feels Like to Feel Like This? - EP I Think My Mind Has Made Its Mind Up
20%
B-Z Sides (2003-2007) Compilation Kamikaze Lovers
20%
Features Nothing to Love About Love
20%
B-Z Sides (2003-2007) Compilation Ostrich Song
20%
B-Z Sides (2003-2007) Compilation Record Shop
20%
Girls, Boys and Marsupials Sunday T.V.
20%
B-Z Sides (2003-2007) Compilation Sunday TV
20%
B-Z Sides (2003-2007) Compilation | No. 3 - EP The Barman's Fault
20%
B-Z Sides (2003-2007) Compilation | The Hangover Sessions - EP Thumper's Philosophy
20%
B-Z Sides (2003-2007) Compilation Trampolining
20%
B-Z Sides (2003-2007) Compilation Viva the Broken Hearted
20%
B-Z Sides (2003-2007) Compilation Wonderful Distraction
20%
B-Z Sides (2003-2007) Compilation Avalanche
15%
B-Z Sides (2003-2007) Compilation Die Hard Movie Girl
15%
A Guide to Love, Loss and Desperation Dr. Suzanne Mattox PhD
15%
B-Z Sides (2003-2007) Compilation Firing Squad (Come on I'm English, I'll Even Queue and Wait My Turn)
15%
B-Z Sides (2003-2007) Compilation Headbutt Rock
15%
B-Z Sides (2003-2007) Compilation | The Hangover Sessions - EP It Was Fun
15%
B-Z Sides (2003-2007) Compilation Motorphobia
15%
B-Z Sides (2003-2007) Compilation Summer Hit
15%
B-Z Sides (2003-2007) Compilation Tormentor
15%
B-Z Sides (2003-2007) Compilation Unexploded Bomb
15%
B-Z Sides (2003-2007) Compilation You Made Me Feel Like Brad Pitt
15%
B-Z Sides (2003-2007) Compilation Theme Park Blues
10%
The Hangover Sessions - EP We Don't Mean That Much!
10%
B-Z Sides (2003-2007) Compilation We Don't Mean That Much
10%
Girls, Boys and Marsupials Acapella
5%
B-Z Sides (2003-2007) Compilation Shock Goodbyes and 45s
5%
No matching quizzes found
Score Distribution
Percent of People with Each Score
Percentile by Number Answered
Your Score History
You have not taken this quiz